000 00408 a2200121 4500
001 ART_11232
005 20260410161855.0
008 260409a
245 1 0 _aLos efectos de la crisis industrial. El caso del sector metalmecánico de Córdoba en 1982
100 1 _aBarra Ruatta, Orlando
700 1 _aBlanco, Alfredo F.
773 0 _tRevista de Economía
_g- Nº 40 (mar. 1984)
_wREV11077
999 _c25392
_d25392